Skład reprezentacji Polski na Mistrzostwach Świata 1982 - Statystyki

Ogólne statystyki
  • Ten quiz został rozwiązany 23 razy
  • Średni wynik to 11 z 22
Statystyki odpowiedzi
Nazwisko % Poprawnych
Grzegorz Lato
94%
Zbigniew Boniek
94%
Józef Młynarczyk
88%
Andrzej Szarmach
81%
Władysław Żmuda
81%
Janusz Kupcewicz
69%
Andrzej Buncol
63%
Stefan Majewski
63%
Włodzimierz Smolarek
63%
Paweł Janas
56%
Andrzej Iwan
50%
Piotr Mowlik
38%
Jacek Kazimierski
31%
Marek Dziuba
31%
Waldemar Matysik
31%
Włodzimierz Ciołek
31%
Jan Jałocha
25%
Roman Wójcicki
25%
Andrzej Pałasz
19%
Marek Kusto
19%
Piotr Skrobowski
19%
Tadeusz Dolny
19%
Nie znaleziono quizów pasujących do podanych kryteriów
Rozkład punktacji
Procent ludzi z każdym wynikiem
Percentyl według liczby udzielonych odpowiedzi
Twoja historia wyników
Nie rozwiązałeś tego quizu